3e déclinaison masculin/féminin imparisyllabique Latin. - Statistiques

Statistiques générales
  • Ce quiz a été pris 344 fois
  • Le résultat moyen est 9 sur 10
Statistiques - réponses
Cas Radical Terminaisons % Correct
Datif singulier consul... -i
98%
Ablatif singulier consul... -e
97%
Génitif singulier consul... -is
96%
Accusatif singulier consul... -em
93%
Nominatif pluriel consul... -es
89%
Vocatif pluriel consul... -es
89%
Accusatif pluriel consul... -es
88%
Datif pluriel consul... -ibus
88%
Ablatif pluriel consul... -ibus
88%
Génitif pluriel consul... -um
86%
Aucun quiz correspondant
Distribution des résultats
% des personnes avec chaque résultat
Percentile par nombre de réponses
Votre historique - résultats
Vous n’avez pas pris ce quiz